ბათუმის შოთა რუსთაველის სახელმწიფო უნივერსიტეტის ბიბლიოთეკა

Психологический практикум в школе. (ბიბ.ჩანაწერი № 35422)

000 -LEADER
fixed length control field 00719nam a2200229Ia 4500
001 - CONTROL NUMBER
control field 1278
003 - CONTROL NUMBER IDENTIFIER
control field GE_BSU
008 - FIXED-LENGTH DATA ELEMENTS--GENERAL INFORMATION
fixed length control field 181216s||||||||xx |||||||||||||| ||und||
040 ## - CATALOGING SOURCE
Transcribing agency GE_BSU
080 ## - UNIVERSAL DECIMAL CLASSIFICATION NUMBER
Universal Decimal Classification number 159.9(07)
245 ## - TITLE STATEMENT
Title Психологический практикум в школе.
245 ## - TITLE STATEMENT
Remainder of title Учебно-методич.пособие для студ.заочников пед.ин-тов.
260 ## - PUBLICATION, DISTRIBUTION, ETC.
Place of publication, distribution, etc. Москва
260 ## - PUBLICATION, DISTRIBUTION, ETC.
Name of publisher, distributor, etc. Просвещение
260 ## - PUBLICATION, DISTRIBUTION, ETC.
Date of publication, distribution, etc. 1979.
300 ## - PHYSICAL DESCRIPTION
Extent 108 с.19 см.
653 ## - INDEX TERM--UNCONTROLLED
Uncontrolled term Психологический практикум в школе.
653 ## - INDEX TERM--UNCONTROLLED
Uncontrolled term Психология.
653 ## - INDEX TERM--UNCONTROLLED
Uncontrolled term ფსიქოლოგია
942 ## - ADDED ENTRY ELEMENTS (KOHA)
Koha item type წიგნი
ეგზემპლარები
Withdrawn status Lost status Damaged status Not for loan Date acquired Barcode Date last seen Price effective from Koha item type Public note
        2018-12-17 2928 2018-12-17 2018-12-17 წიგნი დარბაზი